| 000 | 01129cam a22002054a 4500 | ||
|---|---|---|---|
| 005 | 20250605164036.0 | ||
| 008 | 250528s ||||||||||||||||||||||||d | ||
| 035 | _a16825 | ||
| 020 | _a7782885 | ||
| 040 |
_aGR-AtMCL _bgre _dGR-AtMCL _eAACR2 |
||
| 245 | 1 | _aAudio Cyclopedia | |
| 250 | _a2nd | ||
| 260 |
_bHoward W. Sams & Co, _c1969 |
||
| 300 | _a1762 | ||
| 520 | _aBasic Principles of Sound, Acoustics and Studio Techniques and Equipment, Constant-Speed Devices and Motors and Generators, Microphones, Attenuators, Equalizers, Wave Filters, Transformers and Coils, Sound Mixers, VU and Volume Indicator Meters, Vacuum Tubes and Transistors and Diodes, Audio Amplifiers, Disc Recording, Cutting Heads, Recording and Reproducing Styli, Pickups, Magnetic Recording, Optical Film Recording, Motion Picture Projection Equipment, Loudspeakers and Enclosures and Headphones and Hearing Aids, Power Supplies, Test Equipment, Audio-Frequency Measurements, Installation Techniques, General Information and Charts and Tables, Index. | ||
| 700 | 1 |
_aTremaine Howard M _92914 |
|
| 942 | _cBK | ||
| 999 |
_c2279 _d2279 |
||